000
00276nam a2200109Ia 4500
008
220204s9999 xx 000 0 und d
082
_b
PLA;1
245
0
_a
Plantations labour act, 1951
260
_a
New Delhi
_b
Parliament
_c
1960
650
_a
Plantation labour act
942
_c
BK
999
_c
20681
_d
20681